Poder y redes: el gobernador de Chile don Francisco Ibáñez de Peralta, 1700-1709.

Saved in:
Bibliografiske detaljer
Hovedforfatter: Silva Vargas, Fernando (autor)
Format: Bog
Sprog:spansk
Udgivet: Santiago, Chile: Academia Chilena de la Historia, 2013.
Fag:
Tags: Tilføj Tag
Ingen Tags, Vær først til at tagge denne postø!

MARC

LEADER 00000cam a2200000 a 4500
001 UCF9678
003 CL-VaPUC
005 20240905145121.0
008 131206e20130000cl |||||||||||||||||spa|d
999 |c 354093  |d 354091 
020 |a 978-956-7653-09-8 
040 |c Pontificia Universidad Católica de Valparaíso 
082 0 4 |a 983.03 SIL 2013  |2 21 
100 0 |a Silva Vargas, Fernando  |e autor  |9 572037 
245 1 0 |a Poder y redes:  |b  el gobernador de Chile don Francisco Ibáñez de Peralta, 1700-1709. 
260 |a Santiago, Chile:  |b Academia Chilena de la Historia,  |c 2013. 
300 |a 392 páginas. 
500 |a c.3 Donación Carlos Salinas. Memo DER N° 36. 04-09-2024 
583 |a last modification  |c 20131206 11:14:00  |k Rodrigo Vera 
650 0 |a Historia de Chile  |2 CL-VaPUC  |9 265473  |y Siglo 18 
650 0 |a Gobernadores  |2 CL-VaPUC  |9 323856  |y Siglo 18  |z Chile 
942 |c BK  |2 ddc 
945 |d 20131206 11:14:00  |a dcastane 
952 |0 0  |1 0  |2 ddc  |3 erb  |4 0  |6 983_030000000000000_SIL_2013  |7 0  |8 A  |9 459743  |a BIBHIS  |b BIBHIS  |i 5032490  |o 983.03 SIL 2013  |p 5032490  |r 2025-01-20  |t 1  |w 2019-11-23  |y BK  |z Catalogado en:20131206  |k HIS 
952 |0 0  |1 0  |2 ddc  |3 erb  |4 0  |6 983_030000000000000_SIL_2013  |7 0  |8 A  |9 459744  |a BIBHIS  |b BIBHIS  |i 5084504  |o 983.03 SIL 2013  |p 5084504  |r 2025-01-20  |t 2  |w 2019-11-23  |y BK  |z Catalogado en:20140703  |k HIS 
952 |0 0  |1 0  |2 ddc  |4 0  |6 983_030000000000000_SIL_2013  |7 0  |8 A  |9 596638  |a BIBDER  |b BIBDER  |d 2024-09-05  |e Donación  |i 5662647  |o 983.03 SIL 2013  |p 5662647  |r 2024-09-05  |t 3  |w 2024-09-05  |y BK  |k DER